Normal view
MARC view
Entry Personal Name
001 - CONTROL NUMBER
- control field: 13605
003 - CONTROL NUMBER IDENTIFIER
- control field: OSt
005 - DATE AND TIME OF LATEST TRANSACTION
- control field: 20191121113629.0
008 - FIXED-LENGTH DATA ELEMENTS
- fixed length control field: 191121|| aca||aabn | a|a d
040 ## - CATALOGING SOURCE
- Original cataloging agency: OSt
- Transcribing agency: OSt
100 ## - HEADING--PERSONAL NAME
- Personal name: Chattopadhyay, Suchetana
670 ## - SOURCE DATA FOUND
- Source citation: Work cat.: (OSt): Chattopadhyay, Suchetana, Towards communism: 1917 and the Muhajirs from India Adfrift in Central Asia
